000 00981cab a2200265 4500
001 ABS45715
008 090401t1991 xxu||||| |||| 00| 0 eng d
035 _a(Sirsi) u54708
041 _aeng
100 _aMoore, B.
245 4 _aThe influence of regional development incentives and infrastructure on the location of small and medium sized companies in Europe
260 _c1991
350 _a0
490 _aUrban Studies
_v28(6) December 1991, 1001-1026(26)
520 _aDescribes the questionnaire sent to almost 1400 companies and conclusions drawn from it, notably that regional development assistance was the greatest incentive for company location. Explains differences between industrial sectors and EC countries.
650 _aEUROPEAN COMMUNITY
650 _aLABOUR SUPPLY
650 _aREGIONAL DEVELOPMENT
650 _aWAGES
690 _aECONOMIC AND SOCIAL
700 _aTyler, P.
700 _aElliott, D.
942 _n0
948 _c04/03/1997
999 _c33538
_d33538